000
00301nam a22001457a 4500
008
210518b ||||| |||| 00| 0 eng d
020
_a
0314852239
041
_a
eng
080
_a
579
082
_a
579
100
_a
11
101
_a
MIK
245
_a
Microbiology
_c
Raul J. Cano
942
_2
udc
_c
BK
999
_c
57438
_d
57438